000 00375nam a2200157 a 4500
020 _a1555400
082 0 0 _a291
_bCAR
100 _aCarman, John B
245 _aTracing Common Themes
260 _aGeorgia
_bScholar Press
_c1991
300 _a318p
500 _aincludes index and biblioraphy
505 2 _aIndex
650 _aReligion-Study and Teaching
942 _cBK
999 _c8647
_d8647